000 00434nam a2200181Ia 4500
003 0STCL
008 150530s9999 xx 000 0 und d
040 _aSTCL
_cSTCL
100 _a.;Cohen Robin
245 _aGlobal Diasporas An Introduction
250 _a1
260 _bRoutledge and Kegan Paul; New York
_c2010
_aNew York
300 _a219
546 _aEnglish
942 _2ddc
_cBK
999 _c6431
_d6431
005 20220125165432.0